000 00831nam a2200253Ia 4500
003 OSt
005 20220926005249.0
006 a|||||r|||| 00| 0
007 ta
008 220923b |||||||| |||| 00| 0 eng d
020 _a9788187374671
_c63.75
037 _b393, 20/03/2012, INDEPENDENT PUBLISHERS GROUP
_cGeneral Book
040 _aRTL
_cRTL
_beng
041 _2eng
_aeng
082 _aY73(Q3):47.213.P, Q1
100 _aHegewald Julia A.B.
_9309586
245 0 _aJaina heritage distinction decline and resilience
260 _a New Delhi
_bSamskriti
_c2011
300 _axi, 338p.
_ccm.
490 _a(Heidelberg series)
650 _aSociology
942 _hY73(Q3):47.213.P, Q1
_cGB
_2CC
999 _c613353
_d613353